[Event "Internationaux de France BLITZ"]
[Site "Saint Maur des Fosses, France"]
[Date "2024.06.16"]
[Round "6.1"]
[White "Velten, Paul"]
[Black "Moussard, Jules"]
[Result "1/2-1/2"]
[WhiteElo "2504"]
[BlackElo "2610"]
[PlyCount "135"]
[EventDate "2024.??.??"]

1. d4 {2} Nf6 {7} 2. c4 {3} e6 {3} 3. Nf3 {2} d5 {3} 4. Nc3 {3} c6 {21} 5. Bg5
{5} h6 {6} 6. Bxf6 {4} Qxf6 {2} 7. a3 {3} Nd7 {7} 8. e4 {2} dxc4 {48} 9. Bxc4 {
9} e5 {11} 10. O-O {7} Bd6 {9} 11. dxe5 {80} Nxe5 {2} 12. Nxe5 {4} Bxe5 {30}
13. Qd2 {16} O-O {13} 14. f4 {23} Bd4+ {13} 15. Kh1 {2} Rd8 {5} 16. Qc2 {14}
Be6 {21} 17. Bxe6 {8} Qxe6 {1} 18. e5 {11} Bxc3 {8} 19. Qxc3 {8} Rd5 {2} 20.
Rae1 {1} Qf5 {4} 21. Qf3 {16} Rd2 {17} 22. b4 {8} Rad8 {10} 23. h3 {21} a6 {8}
24. Qe4 {52} Qxe4 {34} 25. Rxe4 {2} R2d3 {1} 26. a4 {9} R8d4 {12} 27. Rfe1 {1}
Kf8 {3} 28. f5 {4} Ke7 {5} 29. Kh2 {5} Rxe4 {11} 30. Rxe4 {1} g6 {3} 31. fxg6 {
5} fxg6 {1} 32. Rf4 {12} Ke6 {7} 33. Rf6+ {2} Kxe5 34. Rxg6 Rd4 {1} 35. b5 {1}
cxb5 {68} 36. axb5 {2} Rd6 {5} 37. Rg7 {2} Rb6 {2} 38. bxa6 {3} bxa6 39. Kg3 {8
} Kf5 {5} 40. Kh4 {5} Ke4 {8} 41. Kh5 {5} Kd4 {1} 42. Rc7 {4} Ke4 {8} 43. g4 {3
} Kf4 {1} 44. Rf7+ {1} Kg3 45. h4 {4} Rb4 {3} 46. Rg7 {14} a5 47. Rc7 {16} a4 {
3} 48. Rc3+ Kf4 {1} 49. g5 {6} hxg5 {2} 50. hxg5 Rb3 {7} 51. Rc4+ {4} Kf5 {1}
52. Rc5+ Kf4 {2} 53. Ra5 {5} a3 {3} 54. Kh6 {2} Rh3+ {3} 55. Kg7 {5} a2 {7} 56.
g6 {3} Rh2 {1} 57. Kf7 {4} Ke4 {2} 58. g7 {3} Rf2+ {1} 59. Ke6 {5} Rg2 {2} 60.
Ra4+ {5} Kd3 61. Kf6 {11} Rf2+ {2} 62. Ke7 {2} Rg2 {1} 63. Kf7 {5} Rf2+ {2} 64.
Ke7 {1} Rg2 65. Ra3+ {4} Kc4 {1} 66. Kf8 {3} Rf2+ {2} 67. Ke7 {3} Rg2 {3} 68.
Rxa2 {5} 1/2-1/2

[Event "Internationaux de France BLITZ"]
[Site "Saint Maur des Fosses, France"]
[Date "2024.06.16"]
[Round "6.2"]
[White "Fressinet, Laurent"]
[Black "Materia, Marco"]
[Result "1/2-1/2"]
[WhiteElo "2633"]
[BlackElo "2453"]
[PlyCount "55"]
[EventDate "2024.??.??"]

1. d4 Nf6 2. Nf3 {1} d5 {1} 3. g3 e6 {2} 4. Bg2 {1} Be7 {1} 5. O-O {2} O-O {2}
6. b3 {1} b6 {2} 7. c4 {5} Bb7 {5} 8. cxd5 {10} exd5 {2} 9. Nc3 {5} Nbd7 {5}
10. Bb2 {15} Re8 {7} 11. Rc1 {14} a6 {3} 12. Ne5 {9} Bd6 {19} 13. Nc4 {7} Bf8 {
14} 14. Ne3 {8} c6 {10} 15. Nf5 {11} g6 {7} 16. Nh4 {1} a5 {18} 17. Re1 {2} Bg7
{8} 18. e4 {24} dxe4 {2} 19. Nxe4 {2} Nxe4 {10} 20. Bxe4 {15} Re6 {28} 21. Bg2
{14} Nf8 {9} 22. Rxe6 {36} Nxe6 {1} 23. Bxc6 {1} Bxc6 {7} 24. Rxc6 {2} Nxd4 {25
} 25. Rc4 {47} Nf5 {33} 26. Qxd8+ {17} Rxd8 27. Bxg7 {23} Nxh4 {2} 28. Rxh4 {35
} 1/2-1/2

[Event "Internationaux de France BLITZ"]
[Site "Saint Maur des Fosses, France"]
[Date "2024.06.16"]
[Round "6.3"]
[White "Boyer, Mahel"]
[Black "Lagarde, Maxime"]
[Result "0-1"]
[WhiteElo "2455"]
[BlackElo "2604"]
[PlyCount "70"]
[EventDate "2024.??.??"]

1. Nf3 {2} d5 {7} 2. e3 Nf6 {2} 3. b3 {3} e6 {8} 4. Bb2 {2} Bd6 {3} 5. c4 {5}
O-O 6. Nc3 {1} Re8 {2} 7. Nb5 {16} Be7 {9} 8. Be5 {2} Na6 {1} 9. Be2 {11} c6 {6
} 10. Nc3 {1} Nc5 {3} 11. Qc2 {16} b6 {29} 12. Ng5 {39} Ncd7 {3} 13. Bg3 {6} h6
{9} 14. h4 {2} Bb7 {7} 15. O-O-O {30} Nf8 {27} 16. d4 {23} a5 {8} 17. a4 {59}
dxc4 {6} 18. Bxc4 {17} b5 {14} 19. Bd3 {1} bxa4 {17} 20. Nxa4 {16} Ba6 {12} 21.
e4 {62} Bxd3 {5} 22. Rxd3 {1} hxg5 {6} 23. hxg5 N6h7 {1} 24. f4 {16} Rb8 {3}
25. Be1 {9} Bb4 {20} 26. Bf2 {13} Bd6 {15} 27. e5 {9} Ba3+ {1} 28. Kb1 {2} Qd5
{1} 29. Ka2 {3} Be7 {6} 30. Rdh3 {9} g6 {1} 31. Nc3 {10} Qd7 {21} 32. g4 {2} a4
{1} 33. Nxa4 {1} Rb4 {11} 34. Be3 {2} Qd5 {7} 35. Rxh7 {6} Nxh7 {29} 0-1

[Event "Internationaux de France BLITZ"]
[Site "Saint Maur des Fosses, France"]
[Date "2024.06.16"]
[Round "6.4"]
[White "Bellahcene, Bilel"]
[Black "Sebag, Marie"]
[Result "1-0"]
[WhiteElo "2544"]
[BlackElo "2441"]
[PlyCount "89"]
[EventDate "2024.??.??"]

1. e4 {1} c5 2. Nf3 d6 3. d4 cxd4 4. Nxd4 Nf6 {2} 5. Nc3 a6 {1} 6. Bg5 Nbd7 {2}
7. Qf3 {6} e6 {12} 8. O-O-O {2} Qc7 {2} 9. Bxf6 {1} Nxf6 {8} 10. g4 b5 {16} 11.
a3 Bb7 12. g5 Nd7 13. h4 Be7 {17} 14. Qe3 {7} O-O-O {11} 15. f4 {6} Nb6 {20}
16. Bh3 {24} Kb8 {2} 17. Bxe6 {76} fxe6 {71} 18. Nxe6 Nc4 {59} 19. Qd4 {57} Qb6
{24} 20. Qxg7 {40} Rde8 {15} 21. Nd5 {1} Bxd5 {41} 22. exd5 {2} Ne3 {10} 23.
Qd4 {10} Qxd4 {12} 24. Rxd4 {1} Nf5 {2} 25. Rd3 {1} Bd8 {3} 26. h5 {32} Bb6 {1}
27. Kb1 {12} Ne3 {7} 28. Re1 {7} Nf5 {6} 29. h6 {25} Re7 {4} 30. a4 {3} bxa4 {
10} 31. Re4 Rhe8 {9} 32. Rxa4 {4} Kb7 {2} 33. Rb4 {10} a5 {3} 34. Rb5 {3} Ka6 {
2} 35. Rdb3 {3} Be3 {5} 36. c4 {6} Rxe6 {8} 37. dxe6 {1} Rxe6 {1} 38. Rxf5 {1}
Bc5 {4} 39. Rxc5 {8} dxc5 {2} 40. Rf3 {7} Rg6 {3} 41. Kc2 {2} a4 42. Kd3 Ka5 {2
} 43. Ke4 Kb4 {2} 44. Kd5 {10} Rg8 {4} 45. Rf2 {23} 1-0

[Event "Internationaux de France BLITZ"]
[Site "Saint Maur des Fosses, France"]
[Date "2024.06.16"]
[Round "6.5"]
[White "Glek, Igor"]
[Black "David, Alberto"]
[Result "0-1"]
[WhiteElo "2391"]
[BlackElo "2502"]
[PlyCount "92"]
[EventDate "2024.??.??"]

1. e4 {1} c5 2. Nf3 {1} e6 3. d3 {2} d5 {13} 4. Qe2 {2} Nf6 {5} 5. g3 {1} Be7 {
2} 6. Bg2 {1} b5 {10} 7. O-O {15} Nc6 {4} 8. e5 {40} Nd7 {2} 9. h4 {1} h6 {23}
10. h5 {1} a5 {27} 11. c3 {3} Ba6 {3} 12. Re1 {2} Qb6 {4} 13. Nbd2 {9} a4 {8}
14. Nf1 {10} Rd8 {26} 15. N1h2 {8} b4 {12} 16. Ng4 {51} a3 {15} 17. Bf1 {36}
Qa5 {15} 18. Qc2 {28} Nb6 {17} 19. Bd2 {26} axb2 {12} 20. Rab1 {45} Qa4 {70}
21. Qxb2 {9} bxc3 {14} 22. Bxc3 {21} Rb8 {1} 23. Be2 {36} O-O {15} 24. Ngh2 {16
} d4 {8} 25. Bd2 {4} c4 {1} 26. Bd1 {4} Qa3 {6} 27. Qxa3 {2} Bxa3 {1} 28. dxc4
{3} Nxc4 {2} 29. Rxb8 {2} Rxb8 {1} 30. Bb3 {2} Nb2 {21} 31. Rc1 {3} Bb5 {5} 32.
Rb1 {3} Bd3 {15} 33. Rc1 Be4 {2} 34. Ne1 {3} Nb4 {5} 35. Rc7 {2} Nd5 {19} 36.
Ra7 {3} Bc5 {2} 37. Rd7 {2} d3 {10} 38. Nhf3 {3} Nb6 {2} 39. Rc7 {1} Bf8 {2}
40. Bc3 {2} N6a4 {2} 41. Bd2 {2} Nc5 {2} 42. Bc4 {5} Nxc4 {2} 43. Be3 {2} Nxe3
{6} 44. fxe3 {1} Rb1 {2} 45. Kf2 {1} Rb2+ {2} 46. Kg1 d2 0-1

[Event "Internationaux de France BLITZ"]
[Site "Saint Maur des Fosses, France"]
[Date "2024.06.16"]
[Round "6.6"]
[White "Sochacki, Christophe"]
[Black "Mathieu, Phileas"]
[Result "0-1"]
[WhiteElo "2449"]
[BlackElo "2295"]
[PlyCount "178"]
[EventDate "2024.??.??"]

1. e4 c5 {1} 2. Nc3 {2} a6 {8} 3. g3 {1} e6 {4} 4. Bg2 {1} b5 {2} 5. a4 {28} b4
{1} 6. Nce2 Nc6 {3} 7. f4 {6} Bb7 {12} 8. Nf3 {2} Nf6 {29} 9. d3 {43} d5 {11}
10. e5 {2} Ng4 {17} 11. h3 {27} Nh6 12. g4 {1} Be7 {1} 13. O-O {3} Qc7 {29} 14.
d4 {8} O-O-O {20} 15. c3 {7} Kb8 {2} 16. Be3 {20} c4 {15} 17. cxb4 {8} Nxb4 {1}
18. a5 {13} Rc8 {21} 19. Nc3 {6} Nd3 {20} 20. Na4 {9} Qxa5 {13} 21. Nc5 Qb5 {6}
22. b4 {26} Nxb4 {16} 23. Qd2 {34} Rxc5 {22} 24. dxc5 {2} Bxc5 25. Rfb1 {10}
Rc8 {34} 26. Kh2 {11} Bxe3 {29} 27. Qxe3 {3} a5 {1} 28. f5 {16} exf5 {46} 29.
g5 Ng8 {3} 30. e6 fxe6 {13} 31. Qxe6 {2} Qc6 {5} 32. Qe5+ {11} Qc7 33. Rxa5 {2}
Nd3 {7} 34. Qxc7+ {12} Kxc7 {1} 35. Nd4 {17} Ne7 36. Rbb5 {50} Ne5 {3} 37. Ra7
{7} Rb8 {2} 38. Ne6+ {9} Kd6 {1} 39. Nf4 {6} Kc6 {1} 40. Raa5 {9} Kc7 {2} 41.
Rc5+ {2} Kd6 {1} 42. Rab5 {3} g6 {4} 43. h4 {5} Nd7 {1} 44. Rxd5+ {4} Nxd5 45.
Bxd5 {2} Bxd5 {3} 46. Rxd5+ Ke7 {1} 47. Rd4 {2} c3 {3} 48. Nd5+ Ke6 {1} 49.
Nxc3 {3} Rb2+ 50. Kg1 {2} Ne5 51. Kf1 {3} Nf3 {3} 52. Rf4 {2} Nd2+ {3} 53. Ke1
Nb3 {2} 54. Rb4 {6} Ke5 {7} 55. Ne2 {5} Rb1+ {2} 56. Kf2 Nd2 57. Ra4 {4} Ne4+ {
1} 58. Kg2 {6} Rb2 59. Kf3 Rb3+ {1} 60. Kg2 Rb2 61. Kf3 Nd2+ {13} 62. Ke3 {2}
Ne4 {4} 63. Ra5+ {2} Kd6 {1} 64. Nd4 {7} Rh2 {1} 65. Ra6+ {3} Kd5 {3} 66. Ra5+
{2} Kd6 {5} 67. Ra6+ {1} Kc5 68. Nf3 {5} Rh3 {3} 69. Ra7 {2} Nc3 {8} 70. Rc7+ {
5} Kb4 71. Rxh7 {1} Nd5+ {3} 72. Kd4 {11} Nf4 {11} 73. Rb7+ {4} Ka5 74. Ke3
Nd5+ {2} 75. Kf2 Nf4 {9} 76. Rd7 {6} Kb5 {8} 77. Rd4 {1} Ne6 78. Rd6 Nf4 79.
Rd4 {10} Ne6 {1} 80. Kg2 {4} Rxf3 {5} 81. Kxf3 {4} Nxd4+ {1} 82. Kf4 Ne2+ {13}
83. Ke5 {2} Ng3 {2} 84. Kf6 {7} f4 {1} 85. Kxg6 {1} f3 {1} 86. Kh7 {2} f2 87.
g6 f1=Q {2} 88. g7 Qf5+ {1} 89. Kh8 {5} Qh5+ 0-1

[Event "Internationaux de France BLITZ"]
[Site "Saint Maur des Fosses, France"]
[Date "2024.06.16"]
[Round "6.7"]
[White "Eden, James"]
[Black "Dardha, Daniel"]
[Result "0-1"]
[WhiteElo "2334"]
[BlackElo "2649"]
[PlyCount "104"]
[EventDate "2024.??.??"]

1. e4 {2} c5 {2} 2. Nf3 {3} Nc6 {2} 3. c3 {10} Nf6 {3} 4. e5 {2} Nd5 {2} 5. d4
{2} cxd4 {2} 6. cxd4 {2} d6 {2} 7. Bc4 {3} dxe5 {2} 8. dxe5 {9} Be6 {2} 9. O-O
{43} g6 {2} 10. Ng5 {66} Bg7 {1} 11. Nxe6 {11} fxe6 {2} 12. Nc3 {14} Nxc3 {22}
13. bxc3 {5} Qxd1 {17} 14. Rxd1 {2} Bxe5 {17} 15. Bxe6 {4} Bxc3 {22} 16. Rb1 {2
} Nd4 {16} 17. Bc4 {58} Rc8 {14} 18. Rxb7 {9} Rxc4 {13} 19. Rb8+ {7} Kf7 {1}
20. Rxh8 {3} Ne2+ {7} 21. Kf1 {5} Bxh8 {3} 22. Kxe2 {5} Rc2+ {1} 23. Kf3 {14}
Rxa2 {2} 24. Be3 {4} a5 {15} 25. Rd7 {7} Ke6 {23} 26. Ra7 {6} Be5 {1} 27. Bc5 {
30} Bd6 {28} 28. Bxd6 {7} Kxd6 {49} 29. Ra6+ {20} Ke5 {1} 30. Ra7 {3} Kf6 31.
h4 {5} h5 {11} 32. g3 {6} a4 {2} 33. Ra6+ {4} e6 {1} 34. Ra5 {6} a3 {2} 35. Kg2
{3} e5 {6} 36. Kf3 {6} Kf5 {4} 37. Kg2 {8} Ke6 {25} 38. Kf3 {6} Kf6 {4} 39.
Ra6+ {2} Kf5 {6} 40. Ra5 {2} Ke6 {1} 41. Ke4 {11} Re2+ {38} 42. Kf3 {2} Ra2 {2}
43. Ke4 {1} Kf6 {29} 44. Ra6+ {4} Kg7 45. Kxe5 {5} Re2+ {1} 46. Kf4 {9} Rxf2+ {
5} 47. Ke3 {1} Ra2 {7} 48. Kf3 {2} Ra1 {4} 49. Kg2 Kf7 {4} 50. Kh2 {1} Ra2+ {19
} 51. Kg1 {4} Ke7 {1} 52. Rxg6 {3} Rb2 {1} 0-1

[Event "Internationaux de France BLITZ"]
[Site "Saint Maur des Fosses, France"]
[Date "2024.06.16"]
[Round "6.8"]
[White "Guliyev, Namig"]
[Black "Hejazipour, Mitra"]
[Result "1/2-1/2"]
[WhiteElo "2486"]
[BlackElo "2358"]
[PlyCount "135"]
[EventDate "2024.??.??"]

1. e4 {1} c5 {2} 2. Nf3 {1} d6 {2} 3. Bb5+ {4} Nd7 {2} 4. d4 {2} cxd4 {4} 5.
Qxd4 {2} Ngf6 {13} 6. Bg5 {16} a6 {7} 7. Bxd7+ {27} Bxd7 {6} 8. c4 {14} h6 {38}
9. Bxf6 {3} gxf6 {3} 10. Nc3 {2} e6 {14} 11. O-O {4} Be7 {7} 12. Rac1 {3} h5 {9
} 13. Kh1 {2} Qa5 {20} 14. a3 {7} Rc8 {3} 15. Qd3 {5} h4 {19} 16. h3 {2} Bc6 {
29} 17. Nd4 {10} Bd7 {12} 18. f4 {13} Rg8 {17} 19. f5 {35} Qe5 {7} 20. Nf3 {14}
Qc5 {29} 21. Ne2 {6} Rh8 {62} 22. b4 {7} Qa7 {4} 23. Nf4 {12} e5 {22} 24. Nd5 {
5} Bc6 {2} 25. Rfd1 {10} Bxd5 {5} 26. Qxd5 {3} Kf8 {8} 27. Qd3 {25} Rc7 {2} 28.
Qe2 {2} a5 {9} 29. Rb1 {37} Qa6 {8} 30. Rdc1 {16} Rc8 {13} 31. Rc2 {2} axb4 {2}
32. axb4 {2} Bd8 {4} 33. Rd1 {6} Qc6 {3} 34. Rd5 {3} Bb6 {6} 35. Qd3 {5} Ke7 {2
} 36. Kh2 {13} Ba7 {7} 37. Rb5 {28} Rc7 {5} 38. Rd5 {6} Rcc8 39. Qd1 {23} Be3 {
6} 40. Kh1 {6} Qb6 {7} 41. c5 {9} dxc5 {5} 42. Rd7+ {4} Kf8 {1} 43. Qd5 {4} Rh7
{5} 44. Rxb7 {5} Qc6 {4} 45. Qxc6 {13} Rxc6 46. b5 {2} Rc8 {2} 47. Rc4 {4} Kg7
{3} 48. b6 {2} Rhh8 {1} 49. Ra4 {3} c4 {5} 50. Rc7 {4} Bxb6 {2} 51. Rcxc4 {1}
Bf2 {6} 52. Rxc8 {2} Rxc8 53. Ra1 {2} Bg3 {2} 54. Rd1 {1} Bf2 {2} 55. Nh2 {2}
Rc4 {4} 56. Ng4 {1} Bg3 {3} 57. Kg1 {2} Rxe4 58. Kf1 Rf4+ {2} 59. Ke2 Ra4 {2}
60. Rd6 {2} Ra2+ {2} 61. Kf1 {2} e4 {2} 62. Rd7 {3} Ra1+ {3} 63. Ke2 {2} Re1+ {
2} 64. Kd2 Rg1 {1} 65. Ke3 {2} Re1+ {6} 66. Kd2 {1} Rg1 {8} 67. Ke3 {2} Re1+ {2
} 68. Kd2 {1} 1/2-1/2

[Event "Internationaux de France BLITZ"]
[Site "Saint Maur des Fosses, France"]
[Date "2024.06.16"]
[Round "7.1"]
[White "Lagarde, Maxime"]
[Black "David, Alberto"]
[Result "1/2-1/2"]
[WhiteElo "2604"]
[BlackElo "2502"]
[PlyCount "105"]
[EventDate "2024.??.??"]

1. e4 {970} c6 2. d4 d5 3. e5 {1} Bf5 4. Nf3 {1} e6 {1} 5. Be2 {1} h6 {4} 6.
O-O {4} Nd7 {7} 7. a4 {2} a5 {16} 8. c3 {4} Ne7 {7} 9. Na3 {3} Bh7 {20} 10. b3
{1} Ng6 {14} 11. Bd3 {10} Be7 {3} 12. g3 {3} O-O {7} 13. h4 {22} Re8 {1} 14.
Nc2 {29} f6 {9} 15. h5 {21} Ngf8 {1} 16. Ne3 {18} Qb6 {48} 17. exf6 {64} Bxf6 {
26} 18. Bxh7+ {25} Nxh7 {2} 19. Ng4 {1} e5 {1} 20. Be3 {8} e4 {8} 21. Nfe5 {1}
Bxe5 {9} 22. dxe5 {3} Qd8 {1} 23. f4 {87} exf3 {3} 24. Qxf3 {20} Rf8 {34} 25.
Qe2 {12} Qe7 {1} 26. Bf4 {24} Ng5 {1} 27. Rae1 {3} Ne6 {27} 28. Kg2 {5} Ndc5 {
15} 29. Rf3 {7} Nxb3 {7} 30. Qc2 {4} Nbc5 {5} 31. Ref1 {4} Ne4 {2} 32. c4 {2}
Nd4 {1} 33. Qd3 Nxf3 {1} 34. Rxf3 {1} Qe6 {6} 35. cxd5 {3} cxd5 {2} 36. Ne3
Rad8 {7} 37. Nc2 {1} Rc8 {45} 38. Nd4 {1} Qg4 {2} 39. Qb5 {9} Rc5 {11} 40. Qxb7
{2} Rfc8 41. e6 {6} Rc2+ {3} 42. Kg1 Nxg3 {21} 43. Qf7+ {5} Kh8 {1} 44. Bxg3 {8
} Qxd4+ {1} 45. Bf2 {1} Qg4+ {2} 46. Rg3 {1} Rxf2 {8} 47. Rxg4 {2} Rxf7 {2} 48.
exf7 {1} Rf8 49. Rf4 {4} Kh7 {3} 50. Rf5 g6 {2} 51. hxg6+ Kxg6 {1} 52. Rxd5 {1}
Rxf7 53. Rxa5 {2} 1/2-1/2

[Event "Internationaux de France BLITZ"]
[Site "Saint Maur des Fosses, France"]
[Date "2024.06.16"]
[Round "7.2"]
[White "Mathieu, Phileas"]
[Black "Bellahcene, Bilel"]
[Result "0-1"]
[WhiteElo "2295"]
[BlackElo "2544"]
[PlyCount "76"]
[EventDate "2024.??.??"]

1. a3 {32} g6 {14} 2. h4 Nf6 {7} 3. Nc3 {2} c5 {10} 4. b4 {5} cxb4 {14} 5. axb4
d5 6. e3 {16} Bg7 {1} 7. Nf3 {2} O-O {2} 8. Bb2 {21} Bg4 {4} 9. Be2 {2} Re8 {1}
10. Ne5 {4} Bxe2 {2} 11. Qxe2 {45} Nbd7 12. Nxd7 {19} Qxd7 13. Qb5 {1} Qg4 {12}
14. Kf1 {41} Qf5 {17} 15. Rc1 {90} Rac8 {40} 16. Rh3 {55} Ng4 {21} 17. Qe2 {16}
h5 {15} 18. Kg1 {5} d4 {9} 19. Nd1 {11} d3 {82} 20. cxd3 {9} Bxb2 {2} 21. Rxc8
Rxc8 22. Nxb2 Rc1+ 23. Nd1 Qe6 {45} 24. Kf1 Qb3 25. Ke1 Qxb4 26. d4 {25} Qb3 {7
} 27. Rf3 {9} Qd5 {19} 28. e4 {3} Qxd4 29. Rc3 {4} Rxc3 {5} 30. Nxc3 a5 {4} 31.
f3 {5} Ne5 {8} 32. Qb5 {2} Nc4 {3} 33. Qd5 {5} Qxd5 {18} 34. Nxd5 e6 35. Nc3 {2
} Kf8 36. d3 Nd6 37. Kd2 Ke7 38. Kc2 Kd7 0-1

[Event "Internationaux de France BLITZ"]
[Site "Saint Maur des Fosses, France"]
[Date "2024.06.16"]
[Round "7.3"]
[White "Moussard, Jules"]
[Black "Solodovnichenko, Yuri"]
[Result "1-0"]
[WhiteElo "2610"]
[BlackElo "2481"]
[PlyCount "47"]
[EventDate "2024.??.??"]

1. e4 c5 {1} 2. Nf3 {2} d6 {1} 3. d4 Nf6 4. Nc3 {2} cxd4 {1} 5. Qxd4 {2} Bd7 {3
} 6. h3 {10} Nc6 {2} 7. Qe3 {2} e6 {45} 8. b3 {15} Qa5 {22} 9. Bb2 {37} d5 {2}
10. O-O-O {3} Nxe4 {15} 11. Nxe4 {25} dxe4 {1} 12. Qxe4 {21} Qxa2 {23} 13. Rxd7
{31} Ba3 {26} 14. Bxa3 {61} Qxa3+ {1} 15. Kb1 Kxd7 {1} 16. Bb5 {11} Ke7 {77}
17. Bxc6 {3} bxc6 {1} 18. Ne5 {1} f6 {22} 19. Nxc6+ {17} Kf7 {28} 20. Rd1 {1}
Rae8 {35} 21. Rd7+ {28} Kg8 22. Nd8 {52} Qa6 {41} 23. Qg4 g6 {2} 24. Qf4 {2}
1-0

[Event "Internationaux de France BLITZ"]
[Site "Saint Maur des Fosses, France"]
[Date "2024.06.16"]
[Round "7.4"]
[White "Gatineau, Yovann"]
[Black "Fressinet, Laurent"]
[Result "0-1"]
[WhiteElo "2414"]
[BlackElo "2633"]
[PlyCount "182"]
[EventDate "2024.??.??"]

1. d4 Nf6 {1} 2. Bf4 {2} d5 {2} 3. e3 {1} Bf5 {3} 4. c4 {4} e6 {2} 5. Nc3 Bb4 {
7} 6. Qb3 {6} c5 {16} 7. Nf3 {21} Nc6 {9} 8. Be2 {22} O-O {5} 9. dxc5 {9} Ne4 {
24} 10. O-O {12} Nxc5 {20} 11. Qd1 {2} dxc4 {21} 12. Bxc4 {2} Bxc3 {51} 13.
bxc3 {1} Ne4 {5} 14. Rc1 {38} Rc8 {1} 15. Nd4 {9} Nxd4 {39} 16. cxd4 {14} Qa5 {
2} 17. Bb3 {37} Nd2 {17} 18. Re1 {5} Rxc1 {14} 19. Qxc1 {1} Be4 {27} 20. Rd1 {
36} Nxb3 {3} 21. axb3 Bd5 {5} 22. Qc2 {14} Qb5 {19} 23. Rb1 {7} Bc6 {19} 24. h3
{39} h6 {1} 25. e4 {10} f5 {11} 26. d5 {34} exd5 {1} 27. exf5 d4 {2} 28. Rd1 {
12} Qd5 {7} 29. Qc4 {9} Qxc4 {11} 30. bxc4 Rxf5 {2} 31. Rxd4 {3} a5 32. g4 {12}
Rf8 {7} 33. Bd6 {14} Rf3 {5} 34. Bg3 {19} Rc3 {7} 35. Kf1 {7} a4 {2} 36. Ke1 {1
} Rc2 {16} 37. Kd1 {4} Ra2 {5} 38. Kc1 {4} a3 39. Rd8+ Kf7 {3} 40. Ra8 {2} Be4
{6} 41. Be5 {4} Rc2+ {9} 42. Kd1 a2 43. f4 {2} g6 {8} 44. Ra7 {5} Rg2 {9} 45.
c5 {5} Ke6 46. Ra4 {4} Bd5 {3} 47. Ra3 {2} g5 {1} 48. Re3 {5} gxf4 49. Bxf4+ {1
} Kf7 50. Be5 {5} Be6 {14} 51. Ra3 Bd5 {3} 52. Ke1 {2} Ke6 {2} 53. Bg7 {1} Rh2
{3} 54. Kf1 {5} Kd7 {2} 55. Kg1 {3} Rg2+ {2} 56. Kf1 Rc2 57. Bxh6 {3} Rc3 {8}
58. Ra7 {4} Rxh3 {2} 59. Bg7 {5} Rg3 60. Be5 {4} Rxg4 61. Kf2 {1} Re4 {2} 62.
Bh8 {3} Kc6 63. Ra5 {2} Re8 {2} 64. Bd4 {1} Re4 {2} 65. Bh8 {1} Rh4 {7} 66. Be5
{1} Bb3 {5} 67. Ke3 {2} Ba4 {3} 68. Kd2 {6} Bb3 {6} 69. Bc3 {3} Bc4 {3} 70. Bf6
{2} Rh2+ {1} 71. Kc3 {4} Be6 {5} 72. Kd3 {1} Rh3+ {7} 73. Kd2 {2} Rh5 {1} 74.
Bd4 {2} Rh3 {2} 75. Bf6 {1} Bc4 {2} 76. Be5 {1} Rf3 {7} 77. Bh8 {2} Bb5 {1} 78.
Kc2 {11} Rf2+ {8} 79. Kb3 {2} Kxc5 {2} 80. Bc3 {7} Kb6 {3} 81. Ra3 {3} Rg2 {2}
82. Bd4+ {2} Kc6 83. Kc3 {3} Kd5 {1} 84. Bh8 {3} Bc4 {1} 85. Kb4 {2} b5 86. Ra7
{1} Rg1 {4} 87. Rd7+ {2} Ke6 {1} 88. Ra7 {1} Rb1+ {2} 89. Kc5 {1} Kf5 {2} 90.
Bc3 {2} Be6 {3} 91. Kd4 {12} b4 0-1

[Event "Internationaux de France BLITZ"]
[Site "Saint Maur des Fosses, France"]
[Date "2024.06.16"]
[Round "7.5"]
[White "Dardha, Daniel"]
[Black "Meillon, Judicael"]
[Result "1-0"]
[WhiteElo "2649"]
[BlackElo "2307"]
[PlyCount "131"]
[EventDate "2024.??.??"]

1. Nf3 Nf6 {2} 2. c4 d6 {1} 3. d4 {2} g6 {1} 4. Nc3 {2} Bf5 {1} 5. h3 {7} Bg7 {
8} 6. g4 {1} Bd7 {1} 7. e4 {1} O-O {6} 8. Be3 {3} h5 {33} 9. gxh5 {12} Nxh5 {2}
10. Rg1 {2} e5 {40} 11. d5 {43} Na6 {10} 12. h4 {9} c6 {29} 13. Qd2 {7} Qa5 {5}
14. Ng5 {15} Nc5 {35} 15. Rb1 {16} Qb4 {43} 16. Be2 {28} Nf4 17. h5 {6} Nxe2 {
25} 18. Qxe2 {17} cxd5 {22} 19. hxg6 {51} fxg6 {12} 20. Bxc5 {28} dxc5 {10} 21.
cxd5 {16} Rf4 {18} 22. a3 {8} Qa5 {4} 23. Ne6 {4} Bxe6 {2} 24. dxe6 Rf6 {23}
25. Qc4 {17} Re8 {14} 26. Rd1 {9} b5 {16} 27. Qxc5 {38} Rfxe6 28. Qxb5 {5} Qxb5
{9} 29. Nxb5 Rb6 30. Nc7 {5} Rc8 {3} 31. Nd5 {1} Rb7 {10} 32. Rxg6 {2} Kf7 33.
Ra6 {9} Rxb2 {6} 34. Rxa7+ Kf8 {4} 35. Rd2 {18} Rc1+ 36. Ke2 {1} Rxd2+ {8} 37.
Kxd2 {1} Bh6+ 38. Kd3 {4} Ra1 {5} 39. a4 {4} Ra3+ 40. Kc4 {1} Ra2 41. a5 {2}
Rxf2 {3} 42. a6 {3} Ra2 43. Nb4 {2} Ra1 {5} 44. Rb7 {5} Be3 {1} 45. Nc2 {3} Rc1
{3} 46. Kd3 {3} Bg1 {7} 47. a7 {3} Bxa7 {3} 48. Rxa7 {1} Rd1+ 49. Ke2 {3} Rh1 {
2} 50. Ne3 {1} Rh5 {2} 51. Nf5 {3} Rh3 {4} 52. Kf2 {2} Rb3 53. Ra5 {2} Kf7 54.
Rxe5 {2} Kf6 55. Rc5 Ra3 {7} 56. Ne3 {1} Ke6 {2} 57. Rc6+ {2} Kd7 58. Rg6 {1}
Ra1 {3} 59. Kf3 {1} Ke7 {2} 60. Kf4 {1} Kf7 61. Rc6 {1} Ke7 {1} 62. Nd5+ Kd7 {2
} 63. Rh6 {1} Rf1+ {2} 64. Ke5 Re1 {1} 65. Rh7+ {1} Ke8 {1} 66. Kd6 {2} 1-0

[Event "Internationaux de France BLITZ"]
[Site "Saint Maur des Fosses, France"]
[Date "2024.06.16"]
[Round "7.6"]
[White "Materia, Marco"]
[Black "Velten, Paul"]
[Result "1-0"]
[WhiteElo "2453"]
[BlackElo "2504"]
[PlyCount "151"]
[EventDate "2024.??.??"]

1. Nf3 d5 {2} 2. e3 {1} Nf6 {7} 3. b3 {1} Bf5 {7} 4. Bb2 {2} e6 {2} 5. Be2 {6}
h6 {2} 6. c4 {3} c6 {3} 7. O-O {7} Nbd7 {2} 8. d4 {10} Bd6 {4} 9. Nc3 {2} O-O {
5} 10. Rc1 {27} Qe7 {3} 11. h3 {23} Rad8 {9} 12. Bd3 {8} Ne4 {14} 13. Bb1 {18}
Bg6 {15} 14. Nxe4 {14} dxe4 {4} 15. Nd2 {2} f5 {9} 16. Qe2 {19} c5 {6} 17. f3 {
15} Nf6 {19} 18. fxe4 {3} fxe4 {3} 19. dxc5 {8} Bxc5 {7} 20. Bxf6 {4} Rxf6 {5}
21. Nxe4 {9} Bxe4 {33} 22. Bxe4 {2} b6 {7} 23. Bb1 {38} Rdf8 {15} 24. Rxf6 {14}
Qxf6 {7} 25. Qd3 {16} Qg5 {8} 26. Qh7+ {28} Kf7 {9} 27. Bg6+ {2} Ke7 {27} 28.
Qxg7+ {5} Kd8 29. Rd1+ {10} Kc8 30. Qd7+ {7} Kb8 {1} 31. Qxe6 {2} Qxe3+ {41}
32. Qxe3 {2} Bxe3+ 33. Kh2 {9} Rf2 {3} 34. a4 {17} Bf4+ {1} 35. Kg1 {2} Be3 {18
} 36. Kh1 {3} Bf4 {8} 37. Kg1 {30} Be3 {1} 38. Rd3 {13} Rf3+ {35} 39. Kh1 {13}
Rf1+ {3} 40. Kh2 Bf4+ {7} 41. g3 Bc7 {1} 42. Kg2 Re1 {5} 43. h4 {4} Be5 {8} 44.
Bf5 {4} Kc7 {8} 45. Rd7+ {2} Kc6 46. Rxa7 {3} Re3 47. g4 {12} Rg3+ 48. Kf1 {2}
Rh3 {5} 49. Re7 {2} Bd6 {5} 50. Re6 {7} Rxh4 {2} 51. b4 {1} h5 {5} 52. c5 {11}
bxc5 {2} 53. b5+ {1} Kc7 {11} 54. b6+ {2} Kc6 55. a5 {5} hxg4 {4} 56. b7 {4}
Kxb7 {21} 57. Rxd6 g3 {1} 58. Kg2 {2} Ra4 {4} 59. a6+ Kc7 {4} 60. Rg6 {7} Ra3 {
6} 61. Be4 {4} c4 {4} 62. Bb7 {8} c3 {6} 63. Rc6+ {1} Kb8 {1} 64. Kxg3 {2} Ka7
{7} 65. Kf2 {2} Ra2+ {2} 66. Ke3 Rc2 {7} 67. Kd3 Rc1 {2} 68. Rxc3 {2} Rd1+ {1}
69. Kc4 Rd7 {2} 70. Kb5 {3} Rh7 {2} 71. Rd3 {4} Rh5+ {2} 72. Rd5 {1} Rh7 73.
Rf5 {2} Re7 {1} 74. Bd5 {1} Rd7 {3} 75. Rf7 Kb8 {8} 76. Rxd7 1-0

[Event "Internationaux de France BLITZ"]
[Site "Saint Maur des Fosses, France"]
[Date "2024.06.16"]
[Round "7.7"]
[White "Saglier, Paul"]
[Black "Yuffa, Daniil"]
[Result "0-1"]
[WhiteElo "2208"]
[BlackElo "2609"]
[PlyCount "47"]
[EventDate "2024.??.??"]

1. e4 {3} Nf6 {2} 2. e5 {4} Nd5 {1} 3. d4 {2} d6 {2} 4. Nf3 {1} dxe5 {2} 5.
Nxe5 {3} c6 {2} 6. Be2 {8} Bf5 {2} 7. O-O {3} Nd7 {2} 8. Nf3 {1} e6 {1} 9. Re1
{6} Bd6 {5} 10. a3 {7} O-O {3} 11. c4 {2} N5f6 {5} 12. Nc3 {1} h6 {19} 13. h3 {
20} a6 {2} 14. Bd3 {19} Bxd3 {9} 15. Qxd3 {1} b5 {4} 16. Qe2 {56} bxc4 {53} 17.
Qxc4 {4} Qb6 {13} 18. Re2 {27} Qb7 {17} 19. Ne5 {15} Rac8 {12} 20. Na4 {53} Nd5
{14} 21. Nxd7 {22} Qxd7 {1} 22. Bd2 {10} Qb7 {15} 23. Rc1 {14} Qb5 {18} 24. Qc2
{47} 0-1